00679 2200241 4500001002100000005001500021008000500036020002200041035002400063082000800087084001400095100001800109245008500127260002900212300004400241504003000285650003800315700002400353850001200377990001600389990001600405990001600421YOGYA00000000009996820140823124843 ind a978-979-29-2791-4 0010-111300000000078 a510 a510 Kho P aKHOE YAO TUNG aPintar matematika SMA kelas XII IPA/cKhoe Yao Tung; editor, Fl. Sigit Suyantoro aYogyakarta:bAndi,c2012 aviii, 351 hlm.:bilus.;c23 cm.( 3 eks) aBibliografi: hlm. 349-351 aMatematika - Studi dan pengajaran aSigit Suyantoro, Fl aYOPDYOG a2925/B.2013 a2926/B.2013 a2927/B.2013